Normal view
MARC view
- NURSING FOUNDATION
Entry Topical Term
001 - CONTROL NUMBER
- control field: 181736
003 - CONTROL NUMBER IDENTIFIER
- control field: OSt
005 - DATE AND TIME OF LATEST TRANSACTION
- control field: 20230603123352.0
008 - FIXED-LENGTH DATA ELEMENTS
- fixed length control field: 230603|| aca||aabn | a|a d
040 ## - CATALOGING SOURCE
- Original cataloging agency: OSt
- Transcribing agency: OSt
150 ## - HEADING--TOPICAL TERM
- Topical term or geographic name entry element: NURSING FOUNDATION
670 ## - SOURCE DATA FOUND
- Source citation: Work cat.: (OSt)158820: Narwal, Abha 180300, Key To Success Staff Nurses Requirement Exam, 2022